SYM-OP-IS 2019 Proceedings = Zbornik radova

Saved in:
Bibliographic Details
Corporate Author: SYM-OP-IS 2019. International Symposium on Operational Research
Other Authors: Martić, Milan, Makajić-Nikolić, Dragana, Savić, Gordana
Format: Book
Language:Serbian
English
Published: Belgrade University of Belgrade. Faculty of Organizational Sciences 2019
Edition:1. edition
Subjects:
Tags: Add Tag
No Tags, Be the first to tag this record!

MARC

LEADER 00000nlm a2200000 4500
001 0259972
005 20240822101707.5
020 |a 978-86-7680-363-7 
041 0 |a srp 
041 0 |a eng 
044 |a RS 
245 1 0 |a SYM-OP-IS 2019  |b Proceedings = Zbornik radova  |c Editors/Editori: Milan Martić, Dragana Makajić-Nikolić, Gordana Savić 
250 |a 1. edition 
264 1 |a Belgrade  |b University of Belgrade. Faculty of Organizational Sciences  |c 2019 
300 |a 797 s. 
610 2 0 |a výskum operačný 
610 2 0 |a ekonometria 
610 2 0 |a modelovanie 
700 1 |a Martić, Milan 
700 1 |a Makajić-Nikolić, Dragana 
700 1 |a Savić, Gordana 
710 2 |a SYM-OP-IS 2019. International Symposium on Operational Research